000 00516nam a2200181Ia 4500
005 20250326142654.0
008 250326s9999 xx 000 0 und d
037 _aTextbook
040 _aFMSL
_beng
_cFMSL
041 _aeng
_2eng
084 _aX:97 M0
_qFMSL
100 _aFrenkel S J
_9746414
245 0 _aIndustrial Action patterns of labour conflict
_cFrenkel S J
260 _aLondon
_bLondon, George Allen & unwin
_c1980
300 _a176p
942 _cTB
_hX:97 M0
999 _c1296118
_d1296118